000 00754nam a2200265Ia 4500
003 OSt
005 20220928124341.0
006 a|||||r|||| 00| 0
007 ta
008 220927b |||||||| |||| 00| 0 eng d
024 _a126280
037 _bGift, 16/04/2015,
_cTextual
040 _aSDCL
_cSDCL
_beng
041 _2eng
_aeng
082 _aG116:6, P7
100 _aHartl Daniel L
_9435488
245 0 _aPrinciples of population genetics
250 _a4th
260 _aSunderland
_bSinauer Associates,Inc
_c2007
300 _axv;652p
_ccm.
650 _aGift
_9391569
700 _a Clark Andrew G
_9435489
942 _hG116:6, P7
_cTEXL
_2CC
999 _c777458
_d777458